000 00437nam a2200193Ia 4500
005 20240823051637.0
008 240823s9999||||xx |||||||||||||| ||und||
020 _a0-460-00626-6
041 _aENGLISH
082 _A811.5 L3
100 _aMildred M Bozman
245 0 _aTennysons Poems
250 _a1st
260 _c1973
_bEverymans Li
500 _aTRANSFERED
650 _aGeneral
_bGeneral
942 _cBK
999 _c220052
_d220052